New American streamline : Departures : An intensive American English series for beginners

This book provides extensive coverage of the basic structures and vocabulary of American English. The material consists of 80 units, each clearly laid out on a separate page

Đã lưu trong:
書目詳細資料
主要作者: Hartley, Bernard
格式: 圖書
語言:Undetermined
出版: New York Oxford University Press 1995
主題:
標簽: 添加標簽
沒有標簽, 成為第一個標記此記錄!
Thư viện lưu trữ: Trung tâm Học liệu Trường Đại học Cần Thơ
LEADER 00866nam a2200241Ia 4500
001 CTU_139631
008 210402s9999 xx 000 0 und d
020 |b 50.000đ 
020 |c 147000 
082 |a 428.24 
082 |b H332 
100 |a Hartley, Bernard 
245 0 |a New American streamline : 
245 0 |b Departures : An intensive American English series for beginners 
245 0 |c Bernard Hartley, Peter Viney 
260 |a New York 
260 |b Oxford University Press 
260 |c 1995 
520 |a This book provides extensive coverage of the basic structures and vocabulary of American English. The material consists of 80 units, each clearly laid out on a separate page 
650 |a Americanism,English language,English language 
650 |z United States 
904 |i Minh 
980 |a Trung tâm Học liệu Trường Đại học Cần Thơ